| 000 | 00000nam##2200000za#4500 |
| 001 | 9.647646 |
| 003 | CaOODSP |
| 005 | 20210615112712 |
| 007 | ta |
| 008 | 150407|2000||||xxc||||| f|0| 0 eng|d |
| 020 | |a0-662-28607-3 |
| 040 | |aCaOODSP|beng |
| 043 | |an-cn--- |
| 086 | 1 |aH39-523/2000E |
| 110 | 1 |aCanada.|bHealth Canada. |bPopulation and Public Health Branch. |
| 245 | 10|aUnintentional injuries in childhood : |bresults from Canadian health surveys / |cby Barry Pless and Wayne Millar. |
| 260 | |aOttawa - Ontario : |bHealth Canada. |c2000. |
| 300 | |a99p. : |bgraphs, tables ; |c28 cm. |
| 500 | |a"The principal goal of this report is to describe what has been learned about childhood injuries from recent Canadian health surveys. Four national population-based surveys have been analysed to this end - the General Social Survey (GSS), the National Population Health Survey (NPHS), the National Longitudinal Survey of Children and Youth (NLSCY), and the Health Promotion Survey (HPS)."--Preamble. |
| 504 | |aBibliography. |
| 563 | |aSoftcover |
| 590 | |a01-22|b2001-06-01 |
| 690 | 07|aInjuries|2gcpds |
| 690 | 07|aChildren|2gcpds |
| 690 | 07|aDemography|2gcpds |
| 720 | 1 |aMillar, Wayne |
| 720 | 1 |aPless, Barry |
| 775 | 08|tBlessures non intentionnelles chez les enfants : |w(CaOODSP)9.681046 |
| 776 | 0#|tUnintentional injuries in childhood : |w(CaOODSP)9.695856 |